| 000 -LEADER |
| fixed length control field |
00543nam a22001817a 4500 |
| 008 - FIXED-LENGTH DATA ELEMENTS--GENERAL INFORMATION |
| fixed length control field |
150605b xxu||||| |||| 00| 0 eng d |
| 041 0# - LANGUAGE CODE |
| Language code of text/sound track or separate title |
eng |
| 080 ## - UNIVERSAL DECIMAL CLASSIFICATION NUMBER |
| Universal Decimal Classification number |
599.9 |
| 245 00 - TITLE STATEMENT |
| Title |
The expressmen / |
| Statement of responsibility, etc |
by the editors of Time-Life Books ; with text by David Nevin. |
| 260 ## - |
| -- |
New York : |
| -- |
Time-Life Books, |
| -- |
[1974] |
| 300 ## - |
| -- |
240 p. : |
| -- |
ill. (some col.) ; |
| -- |
29 cm. |
| 490 ## - |
| -- |
The Old West |
| 505 ## - |
| -- |
Index: f. 238-240 |
| 650 #0 - |
| -- |
Express service |
| 650 #0 - |
| -- |
Shërbim i saktë |
| 700 1# - |
| -- |
Nevin, David, |
| -- |
1927-2011. |
| 942 ## - ADDED ENTRY ELEMENTS (KOHA) |
| Source of classification or shelving scheme |
|
| Item type |
Books |